| 000 | 01021cab a2200265 4500 | ||
|---|---|---|---|
| 001 | X3265 | ||
| 008 | 090401t1996 xxu||||| |||| 00| 0 eng d | ||
| 035 | _a(Sirsi) u29533 | ||
| 041 | _aeng | ||
| 100 | _aFoxwell, R. | ||
| 245 | _aApprenticeships in residential agency | ||
| 260 | _c1996 | ||
| 350 | _a0 | ||
| 490 |
_aCSM (Chartered Surveyor Monthly) _v5(4) January 1996, 30(1) |
||
| 520 | _aLooks at a government initiative to improve the training of negotiators. The scheme, a modern apprenticeship, has been introduced by the Residential Estate Agency Training and Education Association and makes use of NVQ qualifications. | ||
| 650 | _aAPPRENTICESHIPS | ||
| 650 | _aINDUSTRY TRAINING ORGANISATION | ||
| 650 | _aNATIONAL VOCATIONAL QUALIFICATIONS | ||
| 650 | _aNEGOTIATORS | ||
| 650 | _aRESIDENTIAL ESTATE AGENCY TRAINING AND EDUCATION ASSOCIATION | ||
| 650 | _aCAREERS, EDUCATION AND TRAINING | ||
| 690 | _aMANAGEMENT-BUSINESS MANAGEMENT-PROFESSIONAL PRACTICE | ||
| 942 | _n0 | ||
| 948 | _c04/03/1997 | ||
| 999 |
_c19880 _d19880 |
||